|
|
|
|
| LEADER |
00000naa2a2200000 4500 |
| 001 |
240937 |
| 005 |
20251209154700.0 |
| 035 |
|
|
|a (RuTPU)RU\TPU\book\262199
|
| 035 |
|
|
|a RU\TPU\book\262198
|
| 090 |
|
|
|a 240937
|
| 100 |
|
|
|a 20130628d2013 k y0rusy50 ca
|
| 101 |
0 |
|
|a rus
|
| 102 |
|
|
|a RU
|
| 135 |
|
|
|a drcn ---uucaa
|
| 181 |
|
0 |
|a i
|
| 182 |
|
0 |
|a b
|
| 200 |
1 |
|
|a Стратегия развития образовательного процесса с применением герменевтического метода
|f Н. М. Панькова
|
| 203 |
|
|
|a Текст
|c электронный
|
| 215 |
|
|
|a 1 файл(386 Кб)
|
| 225 |
1 |
|
|a Философия науки и образования
|
| 300 |
|
|
|a Заглавие с экрана
|
| 320 |
|
|
|a [Библиогр.: с. 406 (10 назв.)]
|
| 337 |
|
|
|a Adobe Reader
|
| 463 |
|
1 |
|0 (RuTPU)RU\TPU\book\259431
|t Актуальные проблемы гуманитарных наук
|o сборник научных трудов ХII Международной научно-практической конференции студентов, аспирантов и молодых ученых 3-6 апреля 2013 г., г. Томск
|f Национальный исследовательский Томский политехнический университет (ТПУ)
|v [С. 404-406]
|d 2013
|
| 610 |
1 |
|
|a электронный ресурс
|
| 610 |
1 |
|
|a труды учёных ТПУ
|
| 610 |
1 |
|
|a образовательный процесс
|
| 610 |
1 |
|
|a герменевтический подход
|
| 610 |
1 |
|
|a стратегия
|
| 610 |
1 |
|
|a развитие
|
| 700 |
|
1 |
|a Панькова
|b Н. М.
|g Наталья Михайловна
|f 1975-
|c философ
|c доцент Томского политехнического университета, кандидат философских наук
|3 (RuTPU)RU\TPU\pers\25434
|9 11376
|
| 712 |
0 |
2 |
|a Национальный исследовательский Томский политехнический университет (ТПУ)
|b Институт социально-гуманитарных технологий (ИСГТ)
|b Кафедра философии (ФИЛ)
|3 (RuTPU)RU\TPU\col\18371
|
| 801 |
|
1 |
|a RU
|b 63413507
|c 20101016
|
| 801 |
|
2 |
|a RU
|b 63413507
|c 20130628
|g RCR
|
| 856 |
4 |
|
|u http://www.lib.tpu.ru/fulltext/c/2013/C20/196.pdf
|
| 942 |
|
|
|c CF
|